[Event "4NCL9495 2nd Season"]
[Site "Various Venues"]
[Date "1995.03.19"]
[Round "10.5"]
[White "Williams, Leighton"]
[Black "Lund, D Brett"]
[Result "0-1"]
[WhiteElo "2150"]
[BlackElo "2280"]
[PlyCount "93"]
[EventDate "1994.10.01"]
[EventType "team-tourn"]
[EventRounds "11"]
[EventCountry "GBR"]
[SourceTitle "BritBase"]
[SourceDate "2020.05.17"]
[SourceVersion "1"]
[SourceVersionDate "2020.05.17"]
[SourceQuality "1"]
[WhiteTeam "South Wales Dragons"]
[BlackTeam "North West Eagles"]
[WhiteTeamCountry "WLS"]
[BlackTeamCountry "ENG"]

1. d4 Nf6 2. c4 c5 3. d5 e5 4. Nc3 d6 5. e4 Be7 6. Bd3 Nbd7 7. Nge2 Nf8 8. Ng3
g6 9. Bd2 h5 10. Nb5 a6 11. Na3 h4 12. Ne2 Nh5 13. b4 cxb4 14. Bxb4 Nd7 15. Nc2
Nc5 16. Ne3 O-O 17. g3 Bg5 18. Bxc5 dxc5 19. Qb3 Bxe3 20. fxe3 Qg5 21. Kd2 hxg3
22. Nxg3 Nxg3 23. hxg3 b5 24. cxb5 axb5 25. Bxb5 Qxg3 26. Rhg1 Qf2+ 27. Kd3 c4+
28. Bxc4 Ba6 29. Bxa6 Rxa6 30. Raf1 Qh4 31. a4 Rfa8 32. Ra1 Qd8 33. Rgb1 Rc8
34. Rb2 Rd6 35. Rh1 Rdc6 36. Rbh2 Rc3+ 37. Qxc3 Rxc3+ 38. Kxc3 Qa5+ 39. Kd3
Qxa4 40. Rc2 Qb5+ 41. Rc4 Qb3+ 42. Rc3 Qb5+ 43. Kc2 Qa4+ 44. Kb2 Qb4+ 45. Rb3
Qxe4 46. Rd1 Qg4 47. d6 0-1

[Event "4NCL9495 2nd Season"]
[Site "Various Venues"]
[Date "1995.03.19"]
[Round "10.6"]
[White "Merriman, John"]
[Black "Saunders, John C"]
[Result "1-0"]
[WhiteElo "2280"]
[BlackElo "2250"]
[PlyCount "71"]
[EventDate "1994.10.01"]
[EventType "team-tourn"]
[EventRounds "11"]
[EventCountry "GBR"]
[SourceTitle "BritBase"]
[SourceDate "2020.05.17"]
[SourceVersion "1"]
[SourceVersionDate "2020.05.17"]
[SourceQuality "1"]
[WhiteTeam "North West Eagles"]
[BlackTeam "South Wales Dragons"]
[WhiteTeamCountry "ENG"]
[BlackTeamCountry "WLS"]

1. d4 Nf6 2. c4 g6 3. Nc3 Bg7 4. e4 d6 5. f3 O-O 6. Be3 c6 7. Qd2 a6 8. O-O-O
b5 9. g4 h5 10. h3 Be6 11. d5 Bd7 12. e5 Ne8 13. exd6 exd6 14. gxh5 gxh5 15.
Nge2 c5 16. Rg1 Bf5 17. Nf4 Bg6 18. Nxg6 fxg6 19. Rxg6 bxc4 20. Bxc4 Nd7 21. f4
Ndf6 22. Rdg1 Ra7 23. Qd3 Qc8 24. Bd2 Rff7 25. Ne2 Kf8 26. Bc3 Qb7 27. Ng3 Qd7
28. Nf5 Qd8 29. Bxa6 Qa8 30. Bc4 Rxa2 31. Bxa2 Qxa2 32. Nxg7 Rxg7 33. Rxg7 Nxg7
34. Bxf6 Qa1+ 35. Qb1 Qa4 36. Bxg7+ 1-0

[Event "4NCL9495 2nd Season"]
[Site "Various Venues"]
[Date "1995.03.19"]
[Round "10.7"]
[White "Dyce, Andrew"]
[Black "Wolstencroft, Darryl"]
[Result "0-1"]
[WhiteElo "2160"]
[BlackElo "2190"]
[PlyCount "112"]
[EventDate "1994.10.01"]
[EventType "team-tourn"]
[EventRounds "11"]
[EventCountry "GBR"]
[SourceTitle "BritBase 13May2020"]
[SourceDate "2020.05.13"]
[SourceVersionDate "2020.05.13"]
[WhiteTeam "South Wales Dragons"]
[BlackTeam "North West Eagles"]
[WhiteTeamCountry "WLS"]
[BlackTeamCountry "ENG"]

1. e4 e6 2. c4 d5 3. cxd5 exd5 4. exd5 Nf6 5. Bb5+ Bd7 6. Bc4 b5 7. Bb3 Be7 8.
d4 O-O 9. Ne2 a5 10. a4 bxa4 11. Bc4 Na6 12. Nbc3 Nb4 13. Bf4 Bf5 14. O-O Nfxd5
15. Nxd5 Nxd5 16. Bxd5 Qxd5 17. Nc3 Qd7 18. Qxa4 c6 19. d5 cxd5 20. Qxd7 Bxd7
21. Nxd5 Bd8 22. Bc7 Bxc7 23. Nxc7 Ra7 24. Nd5 Rb8 25. b4 Be6 26. Rfd1 Rd7 27.
Nf4 Rxd1+ 28. Rxd1 axb4 29. Nxe6 fxe6 30. Rb1 e5 31. f3 Kf7 32. Kf2 Ke6 33. Ke3
Kd5 34. Kd3 Kc5 35. Rc1+ Kd5 36. Rb1 h5 37. h4 b3 38. Rb2 Kc5 39. Kc3 Rb4 40.
g3 Rc4+ 41. Kd3 Kb4 42. Rb1 Rd4+ 43. Ke3 Ka3 44. Ra1+ Kb2 45. Re1 Kc2 46. f4 b2
47. fxe5 Rd1 48. Re2+ Kc3 49. Rxb2 Kxb2 50. Kf4 Re1 51. Kf5 Kc3 52. e6 Kd4 53.
Kg5 Rxe6 54. Kxh5 Ke4 55. Kg4 Re5 56. h5 Ke3 0-1

[Event "4NCL9495 2nd Season"]
[Site "Various Venues"]
[Date "1995.05.20"]
[Round "11.1"]
[White "Chandler, Murray G"]
[Black "Levitt, Jonathan"]
[Result "1-0"]
[WhiteElo "2535"]
[BlackElo "2430"]
[PlyCount "45"]
[EventDate "1994.10.01"]
[EventType "team-tourn"]
[EventRounds "11"]
[EventCountry "GBR"]
[SourceTitle "BritBase"]
[SourceDate "2020.05.17"]
[SourceVersion "1"]
[SourceVersionDate "2020.05.17"]
[SourceQuality "1"]
[WhiteTeam "BCM"]
[BlackTeam "Wood Green"]
[WhiteTeamCountry "ENG"]
[BlackTeamCountry "ENG"]

1. c4 c5 2. Nf3 Nf6 3. Nc3 b6 4. e4 Bb7 5. e5 Ng8 6. Bd3 g6 7. Be4 Nc6 8. O-O
Bg7 9. Re1 Qc8 10. d4 cxd4 11. Nxd4 Nxe5 12. Bf4 d6 13. Ndb5 f6 14. Nxd6+ exd6
15. Nb5 Bf8 16. Nxd6+ Bxd6 17. Qxd6 Kf7 18. Bxb7 Qxb7 19. Rxe5 g5 20. Qe6+ Kf8
21. Rxg5 fxg5 22. Bd6+ Ne7 23. Re1 1-0

[Event "4NCL9495 2nd Season"]
[Site "Various Venues"]
[Date "1995.05.20"]
[Round "11.2"]
[White "Littlewood, Paul E"]
[Black "Mestel, A Jonathan"]
[Result "1-0"]
[WhiteElo "2445"]
[BlackElo "2520"]
[PlyCount "77"]
[EventDate "1994.10.01"]
[EventType "team-tourn"]
[EventRounds "11"]
[EventCountry "GBR"]
[SourceTitle "BritBase 15May2020"]
[SourceDate "2020.05.15"]
[SourceVersionDate "2020.05.15"]
[WhiteTeam "Wood Green"]
[BlackTeam "BCM"]
[WhiteTeamCountry "ENG"]
[BlackTeamCountry "ENG"]

1. d4 Nf6 2. c4 g6 3. Nc3 Bg7 4. e4 d6 5. Be2 O-O 6. Nf3 e5 7. O-O Na6 8. Re1
c6 9. Bf1 exd4 10. Nxd4 Qb6 11. h3 Nc5 12. Nb3 Nxb3 13. axb3 Nd7 14. Be3 Qc7
15. b4 Re8 16. Qd2 a5 17. Bd4 Bf8 18. bxa5 Nc5 19. Ra3 f5 20. exf5 Bxf5 21.
Rxe8 Rxe8 22. b4 Ne6 23. Be3 h5 24. Ne2 Bg7 25. Ng3 Qf7 26. a6 bxa6 27. Rxa6
Qb7 28. b5 d5 29. Nxf5 gxf5 30. Rxc6 d4 31. Bh6 f4 32. Bxg7 Qxg7 33. Qd3 Kh8
34. Qf5 Qg5 35. Qxg5 Nxg5 36. b6 Rb8 37. c5 Ne4 38. Bd3 Nd2 39. Rc7 1-0

[Event "4NCL9495 2nd Season"]
[Site "Various Venues"]
[Date "1995.05.20"]
[Round "11.3"]
[White "Bellin, Robert"]
[Black "Martin, Benjamin"]
[Result "1/2-1/2"]
[WhiteElo "2400"]
[BlackElo "2355"]
[PlyCount "61"]
[EventDate "1994.10.01"]
[EventType "team-tourn"]
[EventRounds "11"]
[EventCountry "GBR"]
[SourceTitle "BritBase 15May2020"]
[SourceDate "2020.05.15"]
[SourceVersionDate "2020.05.15"]
[WhiteTeam "BCM"]
[BlackTeam "Wood Green"]
[WhiteTeamCountry "ENG"]
[BlackTeamCountry "ENG"]

1. d4 Nf6 2. Nc3 d5 3. Bg5 Bf5 4. Bxf6 exf6 5. e3 c6 6. Bd3 Bxd3 7. Qxd3 g6 8.
e4 Bb4 9. Nge2 O-O 10. O-O-O dxe4 11. Qxe4 f5 12. Qf3 Nd7 13. Kb1 Nf6 14. h3 h5
15. d5 cxd5 16. Nxd5 Nxd5 17. Rxd5 Qe7 18. a3 Rfe8 19. Nc1 Bd6 20. Rhd1 Rad8
21. R1d4 Qc7 22. Qd3 Be7 23. Rxd8 Rxd8 24. Rxd8+ Qxd8 25. Qf3 Qd7 26. Nd3 Qb5
27. Kc1 Bg5+ 28. Kb1 Kg7 29. Qg3 Bf6 30. Qd6 Qc4 31. f3 1/2-1/2

[Event "4NCL9495 2nd Season"]
[Site "Various Venues"]
[Date "1995.05.20"]
[Round "11.4"]
[White "Sowray, Peter John"]
[Black "Cafferty, Bernard"]
[Result "1/2-1/2"]
[WhiteElo "2325"]
[BlackElo "2290"]
[PlyCount "76"]
[EventDate "1994.10.01"]
[EventType "team-tourn"]
[EventRounds "11"]
[EventCountry "GBR"]
[SourceTitle "BritBase"]
[SourceDate "2020.05.17"]
[SourceVersion "1"]
[SourceVersionDate "2020.05.17"]
[SourceQuality "1"]
[WhiteTeam "Wood Green"]
[BlackTeam "BCM"]
[WhiteTeamCountry "ENG"]
[BlackTeamCountry "ENG"]

1. e4 e6 2. d4 d5 3. Nc3 Bb4 4. e5 c5 5. a3 Bxc3+ 6. bxc3 Ne7 7. h4 b6 8. h5 h6
9. Qg4 Kf8 10. a4 Qc7 11. Qd1 cxd4 12. cxd4 Qc3+ 13. Bd2 Qxd4 14. Nf3 Qe4+ 15.
Be3 Qb4+ 16. c3 Qa5 17. Bb5 Ba6 18. Bd2 Bxb5 19. c4 Qa6 20. axb5 Qc8 21. Rc1
Qd7 22. Bb4 dxc4 23. O-O Ke8 24. Bd6 Qxb5 25. Nd4 Qd7 26. Rxc4 Nd5 27. Qg4 Rg8
28. Rfc1 Na6 29. Qe4 g6 30. Qc2 Nc5 31. Bxc5 bxc5 32. Rxc5 Kf8 33. Qd2 gxh5 34.
Qxh6+ Ke7 35. Nc6+ Ke8 36. Qh7 Kf8 37. Qh6+ Ke8 38. Qh7 Kf8 {Source: Cafferty
scoresheet} 1/2-1/2

[Event "4NCL9495 2nd Season"]
[Site "Various Venues"]
[Date "1995.05.20"]
[Round "11.5"]
[White "Bellin, Jana"]
[Black "Sakhatova, Elvira->Berend,Elvi"]
[Result "0-1"]
[WhiteElo "2210"]
[BlackElo "2385"]
[PlyCount "80"]
[EventDate "1994.10.01"]
[EventType "team-tourn"]
[EventRounds "11"]
[EventCountry "GBR"]
[SourceTitle "BritBase 15May2020"]
[SourceDate "2020.05.15"]
[SourceVersionDate "2020.05.15"]
[WhiteTeam "BCM"]
[BlackTeam "Wood Green"]
[WhiteTeamCountry "ENG"]
[BlackTeamCountry "ENG"]

1. d4 Nf6 2. c4 g6 3. Nc3 Bg7 4. e4 d6 5. f3 O-O 6. Be3 c6 7. Bd3 e5 8. d5 a6
9. Nge2 Nbd7 10. O-O Nh5 11. Kh1 cxd5 12. cxd5 b5 13. g4 Nf4 14. Nxf4 exf4 15.
Bxf4 Nc5 16. Rc1 b4 17. Na4 Nxd3 18. Qxd3 Bd7 19. b3 Bb5 20. Qd2 Bxf1 21. Rxf1
a5 22. Nb2 Bc3 23. Qe2 Qf6 24. Bc1 Rfe8 25. Nc4 Qd8 26. Be3 a4 27. Nb6 axb3 28.
axb3 Ra3 29. Qc2 Qh4 30. Nc4 Ra6 31. Bf4 Qf6 32. Bg3 Rea8 33. Qd3 Ra1 34. Rxa1
Rxa1+ 35. Kg2 Ra2+ 36. Kh3 h5 37. Nxd6 Qg5 38. Bh4 hxg4+ 39. fxg4 Be5 40. Bg3
Qh6+ 0-1

[Event "4NCL9495 2nd Season"]
[Site "Various Venues"]
[Date "1995.05.20"]
[Round "11.6"]
[White "Friedgood, David"]
[Black "Anderton, David W"]
[Result "1/2-1/2"]
[WhiteElo "2285"]
[BlackElo "2230"]
[PlyCount "85"]
[EventDate "1994.10.01"]
[EventType "team-tourn"]
[EventRounds "11"]
[EventCountry "GBR"]
[SourceTitle "BritBase 15May2020"]
[SourceDate "2020.05.15"]
[SourceVersionDate "2020.05.15"]
[WhiteTeam "Wood Green"]
[BlackTeam "BCM"]
[WhiteTeamCountry "ENG"]
[BlackTeamCountry "ENG"]

1. c4 f5 2. Nf3 Nf6 3. b3 g6 4. Bb2 Bg7 5. g3 O-O 6. Bg2 d6 7. d4 Qe8 8. Qc2
Na6 9. O-O Ne4 10. Nbd2 Nxd2 11. Qxd2 c6 12. Rfd1 h6 13. d5 Bxb2 14. Qxb2 c5
15. Qd2 Kh7 16. Re1 Qf7 17. e4 f4 18. e5 g5 19. e6 Qg7 20. g4 Nc7 21. Bf1 Rh8
22. Qc2+ Kg8 23. Qf5 Qf6 24. Bd3 Kg7 25. h4 Qxf5 26. Bxf5 Kf6 27. Kg2 b5 28.
hxg5+ hxg5 29. Nd2 bxc4 30. bxc4 Ba6 31. Bd3 Nxd5 32. Be4 f3+ 33. Kg1 Nf4 34.
Bxa8 Rxa8 35. Re3 Nxe6 36. Rxf3+ Nf4 37. Ra3 Bb7 38. Rb1 Bg2 39. Rg3 Bc6 40.
Re3 Rh8 41. Ne4+ Bxe4 42. Rxe4 Nh3+ 43. Kg2 1/2-1/2

[Event "4NCL9495 2nd Season"]
[Site "Various Venues"]
[Date "1995.05.20"]
[Round "11.7"]
[White "Wareing, John P"]
[Black "Lee, Graham D"]
[Result "0-1"]
[WhiteElo "1900"]
[BlackElo "2350"]
[PlyCount "88"]
[EventDate "1994.10.01"]
[EventType "team-tourn"]
[EventRounds "11"]
[EventCountry "GBR"]
[SourceTitle "BritBase 15May2020"]
[SourceDate "2020.05.15"]
[SourceVersionDate "2020.05.15"]
[WhiteTeam "BCM"]
[BlackTeam "Wood Green"]
[WhiteTeamCountry "ENG"]
[BlackTeamCountry "ENG"]

1. e4 c6 2. d4 d5 3. exd5 cxd5 4. c4 Nf6 5. Nc3 Nc6 6. Nf3 Bg4 7. cxd5 Nxd5 8.
Qb3 Bxf3 9. gxf3 Nb6 10. Bb5 e6 11. Be3 Be7 12. O-O-O O-O 13. Kb1 Nb4 14. h4
Rc8 15. h5 N6d5 16. Ne4 Qa5 17. Bd3 Rc6 18. Bd2 Qb6 19. Bxb4 Qxb4 20. Qxb4 Bxb4
21. Rc1 Rfc8 22. Rxc6 Rxc6 23. a3 Be7 24. Nd2 Bf6 25. Bb5 Rc7 26. Nb3 h6 27.
Rd1 b6 28. Nd2 Bxd4 29. Ne4 Be5 30. Nd2 Kf8 31. Nc4 Bf6 32. Ne3 Nf4 33. Ng4 Ke7
34. Nxf6 Kxf6 35. Rd8 Nxh5 36. b3 Nf4 37. Bc4 h5 38. a4 g5 39. Kc2 h4 40. Rd1
Ng6 41. Rd4 h3 42. Kb2 Ne5 43. Be2 h2 44. Rd1 Rd7 0-1

[Event "4NCL9495 2nd Season"]
[Site "Various Venues"]
[Date "1995.05.20"]
[Round "11.8"]
[White "James, Geoffrey H"]
[Black "Lauterbach, Ingrid"]
[Result "0-1"]
[WhiteElo "2210"]
[BlackElo "2145"]
[PlyCount "142"]
[EventDate "1994.10.01"]
[EventType "team-tourn"]
[EventRounds "11"]
[EventCountry "GBR"]
[SourceTitle "BritBase 13May2020"]
[SourceDate "2020.05.13"]
[SourceVersionDate "2020.05.13"]
[WhiteTeam "Wood Green"]
[BlackTeam "BCM"]
[WhiteTeamCountry "ENG"]
[BlackTeamCountry "ENG"]

1. e4 d6 2. d4 Nf6 3. Nc3 g6 4. Be3 c6 5. Qd2 b5 6. Bd3 Nbd7 7. f3 a6 8. a4 Bb7
9. Nh3 e5 10. dxe5 dxe5 11. O-O Bg7 12. Rfd1 Qc7 13. Bh6 O-O 14. Ne2 Nc5 15.
Bxg7 Kxg7 16. axb5 cxb5 17. Nf2 Rfd8 18. Ra3 Qb6 19. b4 Ncxe4 20. fxe4 Nxe4 21.
Qe1 Nxf2 22. Qxf2 Qxf2+ 23. Kxf2 e4 24. Bxe4 Bxe4 25. Rxd8 Rxd8 26. c3 Rd6 27.
g3 Bb7 28. Nd4 Rf6+ 29. Ke2 g5 30. Ra2 Bd5 31. Rd2 Kg6 32. Ke3 Bc4 33. Nf3 Re6+
34. Kd4 Rd6+ 35. Kc5 Rxd2 36. Nxd2 Be2 37. Kd4 Bg4 38. Ne4 f6 39. Nc5 Bc8 40.
Ne4 Kg7 41. Kc5 h6 42. Kd4 Kg6 43. Nd6 Bd7 44. Ne4 Kf7 45. Nc5 Bc8 46. Ne4 Ke7
47. Nc5 Kd6 48. Ne4+ Ke6 49. Nc5+ Kf5 50. Ne4 Be6 51. Nc5 Bc4 52. Ne4 Bf1 53.
Ke3 Bg2 54. Nc5 Kg4 55. Kf2 Kh3 56. Kg1 Bd5 57. Nxa6 h5 58. Nc7 Bc6 59. Ne6 h4
60. Nd4 Bd7 61. gxh4 Kxh4 62. Nc2 Kg4 63. c4 bxc4 64. Ne3+ Kf3 65. Nxc4 Ke2 66.
Nd6 f5 67. b5 f4 68. b6 Bc6 69. Nf5 Ke1 70. Nh6 Bd7 71. Kg2 Ke2 0-1

[Event "4NCL9495 2nd Season"]
[Site "Various Venues"]
[Date "1995.05.20"]
[Round "11.1"]
[White "Harley, Andrew D"]
[Black "Crouch, Colin S"]
[Result "1-0"]
[WhiteElo "2285"]
[BlackElo "2405"]
[PlyCount "80"]
[EventDate "1994.10.01"]
[EventType "team-tourn"]
[EventRounds "11"]
[EventCountry "GBR"]
[SourceTitle "BritBase"]
[SourceDate "2020.05.17"]
[SourceVersion "1"]
[SourceVersionDate "2020.05.17"]
[SourceQuality "1"]
[WhiteTeam "Covent Garden"]
[BlackTeam "Barbican"]
[WhiteTeamCountry "ENG"]
[BlackTeamCountry "ENG"]

1. e4 e5 2. Nf3 Nc6 3. Bb5 a6 4. Ba4 b5 5. Bb3 Na5 6. O-O Nxb3 7. axb3 Qe7 8.
d4 exd4 9. Nxd4 c6 10. Bf4 Qf6 11. Qd2 h6 12. Nc3 Ne7 13. Ncxb5 cxb5 14. Nxb5
axb5 15. Rxa8 Qc6 16. Rfa1 g5 17. Be5 f6 18. R1a6 Qxa6 19. Rxa6 Bxa6 20. Bxf6
Rh7 21. Qa5 Bb7 22. Qxb5 Bxe4 23. Qe2 Rf7 24. Bd4 Bc6 25. b4 Rf4 26. Qh5+ Kd8
27. Bb6+ Kc8 28. Qe8+ Kb7 29. Be3 Rf6 30. c4 d5 31. Qd8 dxc4 32. Qb6+ Kc8 33.
Qa6+ Kd7 34. b5 Bg7 35. bxc6+ Rxc6 36. Qb7+ Ke6 37. g3 Bf6 38. Bd2 Rd6 39. Qe4+
Kd7 40. Qg4+ Ke8 1-0

[Event "4NCL9495 2nd Season"]
[Site "Various Venues"]
[Date "1995.05.20"]
[Round "11.2"]
[White "Pritchett, Craig William"]
[Black "Dive, Russell John"]
[Result "1-0"]
[WhiteElo "2345"]
[BlackElo "2295"]
[PlyCount "78"]
[EventDate "1994.10.01"]
[EventType "team-tourn"]
[EventRounds "11"]
[EventCountry "GBR"]
[SourceTitle "BritBase 15May2020"]
[SourceDate "2020.05.15"]
[SourceVersionDate "2020.05.15"]
[WhiteTeam "Barbican"]
[BlackTeam "Covent Garden"]
[WhiteTeamCountry "ENG"]
[BlackTeamCountry "ENG"]

1. Nf3 Nf6 2. c4 e6 3. Nc3 b6 4. g3 Bb7 5. Bg2 c5 6. O-O d5 7. cxd5 Nxd5 8.
Nxd5 Bxd5 9. Qc2 Be7 10. Rd1 Nd7 11. e4 Bb7 12. d4 cxd4 13. Nxd4 a6 14. Bh3 Qc8
15. Qe2 Nc5 16. f3 O-O 17. Bf4 Qe8 18. Bc7 b5 19. Rac1 Rc8 20. Bf4 Kh8 21. Be3
b4 22. b3 Rc7 23. Bf4 Rd7 24. Nc2 a5 25. Rxd7 Qxd7 26. Rd1 Qc6 27. Nd4 Qb6 28.
Qb5 Bd8 29. Be3 h6 30. Bf1 Bc7 31. Rc1 Na6 32. Qe2 Be5 33. Nc6 Qc7 34. Nxb4 Qd6
35. Nd3 Bd4 36. Bxd4 Qxd4+ 37. Qf2 Rd8 38. Qxd4 Rxd4 39. Kf2 Nb4 {time} 1-0

[Event "4NCL9495 2nd Season"]
[Site "Various Venues"]
[Date "1995.05.20"]
[Round "11.3"]
[White "Franklin, Michael J"]
[Black "Piper, Matthew"]
[Result "1/2-1/2"]
[WhiteElo "2240"]
[BlackElo "2285"]
[PlyCount "65"]
[EventDate "1994.10.01"]
[EventType "team-tourn"]
[EventRounds "11"]
[EventCountry "GBR"]
[SourceTitle "BritBase 15May2020"]
[SourceDate "2020.05.15"]
[SourceVersionDate "2020.05.15"]
[WhiteTeam "Covent Garden"]
[BlackTeam "Barbican"]
[WhiteTeamCountry "ENG"]
[BlackTeamCountry "ENG"]

1. d4 Nf6 2. Nf3 c5 3. e3 e6 4. c3 b6 5. Nbd2 Be7 6. Bd3 Ba6 7. Bxa6 Nxa6 8.
Qe2 Nc7 9. O-O O-O 10. e4 d5 11. e5 Nd7 12. Re1 b5 13. dxc5 Nxc5 14. Nd4 Qd7
15. N2b3 a5 16. Be3 a4 17. Nxc5 Bxc5 18. a3 f6 19. exf6 Rxf6 20. Nf3 Bxe3 21.
Qxe3 Raf8 22. Rad1 Ne8 23. Nd4 Nc7 24. Rd2 Qd6 25. Nf3 Na6 26. Ne5 Nc5 27. f3
Nd7 28. Rd4 Nxe5 29. Qxe5 Qxe5 30. Rxe5 Rc8 31. Rb4 Rc5 32. Kf2 Kf7 33. Re2
1/2-1/2

[Event "4NCL9495 2nd Season"]
[Site "Various Venues"]
[Date "1995.05.20"]
[Round "11.4"]
[White "Duncan, Christopher R"]
[Black "Moore, Gerald"]
[Result "1/2-1/2"]
[WhiteElo "2310"]
[BlackElo "2210"]
[PlyCount "84"]
[EventDate "1994.10.01"]
[EventType "team-tourn"]
[EventRounds "11"]
[EventCountry "GBR"]
[SourceTitle "BritBase 14May2020"]
[SourceDate "2020.05.14"]
[SourceVersionDate "2020.05.14"]
[WhiteTeam "Barbican"]
[BlackTeam "Covent Garden"]
[WhiteTeamCountry "ENG"]
[BlackTeamCountry "ENG"]

1. c4 g6 2. Nc3 Bg7 3. Nf3 Nf6 4. g3 O-O 5. Bg2 d5 6. cxd5 Nxd5 7. O-O Nc6 8.
Qc2 Nb6 9. b3 Bf5 10. d3 Bg4 11. Qd2 Qd7 12. Re1 e5 13. Ba3 Rfe8 14. Rac1 Rad8
15. Ne4 Qc8 16. Qg5 Nd5 17. Nc5 h6 18. Qd2 Nd4 19. Nxd4 exd4 20. Bb2 b6 21. Na4
c5 22. e4 dxe3 23. fxe3 Qe6 24. Bxg7 Kxg7 25. Nc3 Nxc3 26. Qxc3+ Qf6 27. Qxf6+
Kxf6 28. Bc6 Re7 29. Bb5 Bd7 30. Bc4 Be6 31. Bxe6 Rxe6 32. Rc3 Red6 33. Rd1 Ke5
34. Kf2 f5 35. Ke2 g5 36. Rf1 Rf8 37. Rc4 Rfd8 38. Rc3 a5 39. Rf2 R6d7 40. Rf1
Rd6 41. Rf2 Rf6 42. Rc4 Rfd6 1/2-1/2

[Event "4NCL9495 2nd Season"]
[Site "Various Venues"]
[Date "1995.05.20"]
[Round "11.5"]
[White "Lyell, Mark"]
[Black "Kenworthy, Gary"]
[Result "1-0"]
[WhiteElo "2260"]
[BlackElo "2290"]
[PlyCount "73"]
[EventDate "1994.10.01"]
[EventType "team-tourn"]
[EventRounds "11"]
[EventCountry "GBR"]
[SourceTitle "BritBase 14May2020"]
[SourceDate "2020.05.14"]
[SourceVersionDate "2020.05.14"]
[WhiteTeam "Covent Garden"]
[BlackTeam "Barbican"]
[WhiteTeamCountry "ENG"]
[BlackTeamCountry "ENG"]

1. e4 d5 2. exd5 Nf6 3. d4 Nxd5 4. c4 Nb6 5. Nf3 g6 6. Nc3 Bg7 7. Be2 O-O 8.
O-O Bg4 9. h3 Bxf3 10. Bxf3 Nc6 11. c5 Nc4 12. Bxc6 bxc6 13. Qa4 Qxd4 14. Qxc6
e6 15. Rd1 Qh4 16. Qa4 Bd4 17. Be3 Bf6 18. g3 Nxb2 19. Qxh4 Bxh4 20. gxh4 Nxd1
21. Rxd1 Rfd8 22. Rxd8+ Rxd8 23. Nb5 Rd1+ 24. Kg2 Ra1 25. Nxc7 Rxa2 26. Nb5 a5
27. c6 Rc2 28. c7 e5 29. Bb6 a4 30. Ba5 Rc5 31. Na7 a3 32. c8=Q+ Rxc8 33. Nxc8
f6 34. Ne7+ Kf7 35. Nd5 g5 36. hxg5 fxg5 37. Nc3 1-0

[Event "4NCL9495 2nd Season"]
[Site "Various Venues"]
[Date "1995.05.20"]
[Round "11.6"]
[White "Dunn, Andrew M"]
[Black "Ledger, Stephen C"]
[Result "1/2-1/2"]
[WhiteElo "2240"]
[BlackElo "2230"]
[PlyCount "60"]
[EventDate "1994.10.01"]
[EventType "team-tourn"]
[EventRounds "11"]
[EventCountry "GBR"]
[SourceTitle "BritBase 15May2020"]
[SourceDate "2020.05.15"]
[SourceVersionDate "2020.05.15"]
[WhiteTeam "Barbican"]
[BlackTeam "Covent Garden"]
[WhiteTeamCountry "ENG"]
[BlackTeamCountry "ENG"]

1. c4 e5 2. Nc3 Nc6 3. Nf3 g6 4. d4 exd4 5. Nxd4 Bg7 6. e3 d6 7. Be2 Nge7 8.
O-O O-O 9. Nd5 Nxd4 10. Nxe7+ Qxe7 11. exd4 Bf5 12. Be3 Rfe8 13. Bf3 Be4 14.
Rc1 Qf6 15. Bxe4 Rxe4 16. Qd3 Rae8 17. b3 h5 18. d5 b6 19. Qd2 Qf5 20. Rfe1 Qe5
21. Rcd1 f5 22. f4 Qc3 23. Kf2 Bd4 24. Qxc3 Bxc3 25. Re2 Bb4 26. g3 Bc5 27.
Rde1 Bb4 28. Rd1 Kf7 29. h4 a6 30. Rd4 R4e7 1/2-1/2

[Event "4NCL9495 2nd Season"]
[Site "Various Venues"]
[Date "1995.05.20"]
[Round "11.1"]
[White "Dickenson, Neil F"]
[Black "Beaumont, Chris"]
[Result "0-1"]
[WhiteElo "2315"]
[BlackElo "2350"]
[PlyCount "58"]
[EventDate "1994.10.01"]
[EventType "team-tourn"]
[EventRounds "11"]
[EventCountry "GBR"]
[SourceTitle "BritBase 15May2020"]
[SourceDate "2020.05.15"]
[SourceVersionDate "2020.05.15"]
[WhiteTeam "Invicta Knights"]
[BlackTeam "Bristol"]
[WhiteTeamCountry "ENG"]
[BlackTeamCountry "ENG"]

1. d4 Nf6 2. c4 g6 3. Nc3 Bg7 4. e4 d6 5. f4 O-O 6. Nf3 Na6 7. Be2 e5 8. fxe5
dxe5 9. d5 c6 10. O-O Qb6+ 11. Kh1 Ng4 12. Qe1 f5 13. d6 Qc5 14. h3 Nf6 15. Ng5
Qxd6 16. c5 Nxc5 17. Bc4+ Kh8 18. Qh4 f4 19. Rd1 Qc7 20. b4 b5 21. Bf7 Rxf7 22.
Nxf7+ Qxf7 23. Rd8+ Ng8 24. Rd6 Ne6 25. Rxc6 Bb7 26. Rd6 Qc7 27. Nxb5 Qc4 28.
Qe1 Qxb5 29. Rxe6 Qd7 0-1

[Event "4NCL9495 2nd Season"]
[Site "Various Venues"]
[Date "1995.05.20"]
[Round "11.2"]
[White "Wall, Gavin"]
[Black "Hanreck, Alan E"]
[Result "1/2-1/2"]
[WhiteElo "2275"]
[BlackElo "2245"]
[PlyCount "79"]
[EventDate "1994.10.01"]
[EventType "team-tourn"]
[EventRounds "11"]
[EventCountry "GBR"]
[SourceTitle "BritBase 15May2020"]
[SourceDate "2020.05.15"]
[SourceVersionDate "2020.05.15"]
[WhiteTeam "Bristol"]
[BlackTeam "Invicta Knights"]
[WhiteTeamCountry "ENG"]
[BlackTeamCountry "ENG"]

1. d4 Nf6 2. Nf3 d6 3. h3 Bf5 4. c4 Nbd7 5. Nc3 e5 6. g3 c6 7. Bg2 h6 8. O-O
Be7 9. d5 cxd5 10. cxd5 O-O 11. Be3 Qb8 12. Nd2 Bd8 13. a4 Bb6 14. Bxb6 Nxb6
15. f4 exf4 16. gxf4 Qc8 17. Kh2 Nc4 18. Nxc4 Qxc4 19. Rc1 Qb4 20. Qd2 Rfe8 21.
Rcd1 Qb6 22. Rg1 a6 23. Bf3 Qe3 24. Qd4 Kh8 25. Rg3 Re7 26. Qb4 a5 27. Qxd6 Ne8
28. Qa3 Rd7 29. Qf8+ Kh7 30. Rdg1 Qxf4 31. Ne4 Bg6 32. Nc5 Nc7 33. Nxd7 Rxf8
34. Nxf8+ Kg8 35. Nxg6 fxg6 36. Kh1 g5 37. Rg4 Qf5 38. R1g3 Qe5 39. h4 Nxd5 40.
Bxd5+ 1/2-1/2

[Event "4NCL9495 2nd Season"]
[Site "Various Venues"]
[Date "1995.05.20"]
[Round "11.3"]
[White "Brown, Simon D"]
[Black "Phillips, Roy Jean Noel"]
[Result "1/2-1/2"]
[WhiteElo "2290"]
[BlackElo "2130"]
[PlyCount "56"]
[EventDate "1994.10.01"]
[EventType "team-tourn"]
[EventRounds "11"]
[EventCountry "GBR"]
[SourceTitle "BritBase 15May2020"]
[SourceDate "2020.05.15"]
[SourceVersionDate "2020.05.15"]
[WhiteTeam "Invicta Knights"]
[BlackTeam "Bristol"]
[WhiteTeamCountry "ENG"]
[BlackTeamCountry "ENG"]

1. d4 Nf6 2. c4 g6 3. Nc3 Bg7 4. e4 d6 5. f4 O-O 6. Nf3 Na6 7. e5 Nd7 8. Qe2 c5
9. d5 Nb6 10. e6 fxe6 11. dxe6 d5 12. Ng5 dxc4 13. Be3 Nb4 14. Qf2 Qd3 15. Bxd3
Nxd3+ 16. Ke2 Nxf2 17. Kxf2 Bd4 18. Rhe1 Rxf4+ 19. Kg3 Rf5 20. Nf7 Bxe3 21.
Rxe3 Kg7 22. Rae1 Bxe6 23. Rxe6 Rxf7 24. Rxe7 Rd8 25. Rxf7+ Kxf7 26. Ne4 Rd3+
27. Kf4 Rd5 28. Ng5+ Kf8 1/2-1/2